000 00431nam a2200145Ia 4500
008 151213s9999 xx 000 0 und d
100 _aমাও: আজাদ।
245 _aদূরবীক্ষণ।
_cমাও: আজাদ।
260 _aকলিকাতা
_bদামাল।
_c1989
300 _a8632 p.
650 _aBangla
650 _aগল্প।
700 _aমাও: আজাদ।
999 _c4419
_d4419